[Event "Titled Tuesday intern op 25th Feb Early"]
[Site "Chess.com INT"]
[Date "2025.02.25"]
[Round "4"]
[White "George Micheal, Kevin"]
[Black "Persson, Richard"]
[Result "1/2-1/2"]
[WhiteElo "2288"]
[BlackElo "2106"]
[PlyCount "95"]
[EventDate "2025.02.25"]
[EventType "swiss (blitz)"]
[EventRounds "11"]
[EventCountry "USA"]
[SourceTitle "CB10_2025"]
[SourceDate "2025.03.05"]
[SourceVersion "1"]
[SourceVersionDate "2025.03.05"]
[SourceQuality "1"]

1. d4 a6 2. e4 e6 3. Nf3 d5 4. Bd3 Nf6 5. Nbd2 c5 6. dxc5 dxe4 7. Bxe4 Bxc5 8. 0-0 0-0 9. Bd3 Nc6 10. Qe2 Nb4 11. Be4 Qc7 12. a3 Nc6 13. b4 Nxe4 14. Nxe4 Be7 15. Bb2 b6 16. c4 Bb7 17. Rac1 a5 18. b5 Nb8 19. Be5 Qc8 20. Nd6 Bxd6 21. Bxd6 Rd8 22. Rfd1 Nd7 23. Qe3 Bxf3 24. Qxf3 Nc5 25. Be5 f6 26. Ba1 Qb7 27. Qxb7 Nxb7 28. Bd4 Nc5 29. Bxc5 bxc5 30. Kf1 Kf7 31. Ke2 Ke7 32. Rxd8 Rxd8 33. Rd1 Rd4 34. Rxd4 cxd4 35. c5 e5 36. Kd3 Kd7 37. Ke4 Kc7 38. a4 g6 39. g4 h5 40. h3 h4 41. Kd3 g5 42. f3 Kb7 43. Kc4 Kc7 44. Kb3 Kb7 45. Kc2 Kc7 46. Kd3 Kb7 47. Ke4 Kc7 48. Kd3 1/2-1/2

[Event "Titled Tuesday intern op 25th Feb Early"]
[Site "Chess.com INT"]
[Date "2025.02.25"]
[Round "3"]
[White "Hernandez Leon, Sergio"]
[Black "George Micheal, Kevin"]
[Result "0-1"]
[WhiteElo "2128"]
[BlackElo "2288"]
[PlyCount "28"]
[EventDate "2025.02.25"]
[EventType "swiss (blitz)"]
[EventRounds "11"]
[EventCountry "USA"]
[SourceTitle "CB10_2025"]
[SourceDate "2025.03.05"]
[SourceVersion "1"]
[SourceVersionDate "2025.03.05"]
[SourceQuality "1"]

1. e4 c6 2. Nc3 d5 3. Nf3 Bg4 4. d4 dxe4 5. Nxe4 Nf6 6. Nxf6+ exf6 7. c3 Bd6 8. h3 Qe7+ 9. Be2 Bxf3 10. gxf3 Nd7 11. Be3 f5 12. Qd2 0-0 13. 0-0-0 Rae8 14. h4 f4 0-1

[Event "Titled Tuesday intern op 25th Feb Early"]
[Site "Chess.com INT"]
[Date "2025.02.25"]
[Round "5"]
[White "Simpson, Michael"]
[Black "George Micheal, Kevin"]
[Result "0-1"]
[WhiteElo "2138"]
[BlackElo "2288"]
[PlyCount "58"]
[EventDate "2025.02.25"]
[EventType "swiss (blitz)"]
[EventRounds "11"]
[EventCountry "USA"]
[SourceTitle "CB10_2025"]
[SourceDate "2025.03.05"]
[SourceVersion "1"]
[SourceVersionDate "2025.03.05"]
[SourceQuality "1"]

1. d4 Nf6 2. c4 g6 3. Nc3 Bg7 4. e4 d6 5. h3 0-0 6. Be3 e5 7. d5 a5 8. g4 Na6 9. Nge2 Nc5 10. f3 Ne8 11. Bg2 f5 12. gxf5 gxf5 13. h4 fxe4 14. Nxe4 Nxe4 15. fxe4 Bg4 16. Qd2 Nf6 17. 0-0-0 Nh5 18. Rdg1 Qd7 19. Kb1 Bxe2 20. Qxe2 Ng3 21. Qd1 Nxh1 22. Bxh1 Kh8 23. h5 Bf6 24. h6 Rg8 25. Rf1 Raf8 26. Qh5 Qg4 27. Qh2 Bg5 28. Rg1 Bf4 29. Bxf4 Qxg1+ 0-1

[Event "Titled Tuesday intern op 25th Feb Early"]
[Site "Chess.com INT"]
[Date "2025.02.25"]
[Round "8"]
[White "Vyom, Malhotra"]
[Black "George Micheal, Kevin"]
[Result "1-0"]
[WhiteElo "1901"]
[BlackElo "2288"]
[PlyCount "113"]
[EventDate "2025.02.25"]
[EventType "swiss (blitz)"]
[EventRounds "11"]
[EventCountry "USA"]
[SourceTitle "CB10_2025"]
[SourceDate "2025.03.05"]
[SourceVersion "1"]
[SourceVersionDate "2025.03.05"]
[SourceQuality "1"]

1. e4 c5 2. Nf3 Nc6 3. d4 cxd4 4. Nxd4 Nf6 5. Nc3 e5 6. Ndb5 d6 7. Nd5 Nxd5 8. exd5 Nb8 9. a4 Be7 10. Bd2 a6 11. Na3 0-0 12. Be2 f5 13. a5 Nd7 14. Nc4 Rb8 15. Bb4 Nf6 16. Nb6 Nd7 17. Nc4 Nf6 18. Nxe5 Ne4 19. Nd3 f4 20. Bf3 Ng5 21. Bd2 Qe8 22. Qe2 Nxf3+ 23. gxf3 Bf5 24. Nxf4 Bxc2 25. Ne6 Rf7 26. Bc3 Bg6 27. h4 Bf6 28. Bxf6 Rxf6 29. h5 Bf7 30. Nd4 Bxd5 31. Rg1 Qxh5 32. 0-0-0 Ba2 33. b3 Qxa5 34. Kb2 Qe5 35. Qxe5 dxe5 36. Nc2 Bxb3 37. Kxb3 Rxf3+ 38. Kb4 Rxf2 39. Ne3 Rf7 40. Kc5 Rc8+ 41. Kd6 Rd8+ 42. Kxe5 Re8+ 43. Kd4 Rf4+ 44. Kd3 Rf3 45. Rde1 h6 46. Kd2 Kh7 47. Ng4 Rxe1 48. Kxe1 Ra3 49. Kf2 Ra2+ 50. Kf3 Ra4 51. Ne3 Ra5 52. Kf4 b5 53. Nf5 Ra4+ 54. Ke5 g6 55. Ne7 g5 56. Rf1 Rf4 57. Rd1 1-0

[Event "Titled Tuesday intern op 04th Feb Late"]
[Site "Chess.com INT"]
[Date "2025.02.04"]
[Round "11"]
[White "George Micheal, Kevin"]
[Black "Decuigniere, Tom"]
[Result "1/2-1/2"]
[WhiteElo "2288"]
[BlackElo "2375"]
[PlyCount "83"]
[EventDate "2025.02.04"]
[EventType "swiss (blitz)"]
[EventRounds "11"]
[EventCountry "USA"]
[SourceTitle "CB07_2025"]
[SourceDate "2025.02.12"]
[SourceVersion "1"]
[SourceVersionDate "2025.02.12"]
[SourceQuality "1"]

1. e4 c5 2. Nf3 e6 3. d4 cxd4 4. Nxd4 Nf6 5. Nc3 Nc6 6. Nxc6 bxc6 7. e5 Nd5 8. Ne4 Qc7 9. f4 Qa5+ 10. Bd2 Qb6 11. Bd3 Be7 12. Qe2 0-0 13. c4 f5 14. cxd5 fxe4 15. Qxe4 g6 16. d6 Bh4+ 17. g3 Bd8 18. b4 Ba6 19. Bxa6 Qxa6 20. Qe2 Qa3 21. 0-0 Bb6+ 22. Kh1 Rac8 23. Qf3 Qa6 24. a4 Bd4 25. Bc3 Qc4 26. Bxd4 Qxd4 27. Rab1 Rb8 28. Rfd1 Qxe5 29. Qxc6 Qe2 30. Qg2 Qh5 31. b5 Rfc8 32. Rdc1 Qf5 33. h3 a6 34. g4 Rxc1+ 35. Rxc1 Qxf4 36. Rf1 Qxa4 37. Qf3 Qxb5 38. Qf7+ Kh8 39. Qf6+ Kg8 40. Qf7+ Kh8 41. Qf6+ Kg8 42. Qf7+ 1/2-1/2

[Event "Titled Tuesday intern op 04th Feb Late"]
[Site "Chess.com INT"]
[Date "2025.02.04"]
[Round "2"]
[White "George Micheal, Kevin"]
[Black "Ferreira, Enzo Suzarte"]
[Result "1-0"]
[WhiteElo "2288"]
[BlackElo "2051"]
[PlyCount "85"]
[EventDate "2025.02.04"]
[EventType "swiss (blitz)"]
[EventRounds "11"]
[EventCountry "USA"]
[SourceTitle "CB07_2025"]
[SourceDate "2025.02.12"]
[SourceVersion "1"]
[SourceVersionDate "2025.02.12"]
[SourceQuality "1"]

1. e4 Nf6 2. Nc3 e5 3. Nf3 Nc6 4. Bb5 Nd4 5. 0-0 Nxb5 6. Nxb5 d6 7. d4 c6 8. dxe5 dxe5 9. Qxd8+ Kxd8 10. Nxe5 cxb5 11. Nxf7+ Ke8 12. Nxh8 Be6 13. Rd1 Bc5 14. b4 Bb6 15. Be3 Bxe3 16. fxe3 Ke7 17. a4 bxa4 18. Rxa4 Bd7 19. Ra5 Rxh8 20. Rxa7 Bc6 21. e5 Ng4 22. b5 Nxe3 23. Rd3 Bxg2 24. Rxe3 Bd5 25. Rd3 Ke6 26. Rg3 g6 27. Re3 Rc8 28. Re2 Rc5 29. b6 Rb5 30. Ra8 h5 31. Re8+ Kf7 32. Rd8 Bc6 33. e6+ Ke7 34. Rg8 Rg5+ 35. Kf2 Rf5+ 36. Ke1 Rf6 37. Rg7+ Kd6 38. e7 Re6 39. Rxe6+ Kxe6 40. Rxg6+ Kxe7 41. Rxc6 bxc6 42. b7 Kd6 43. b8Q+ 1-0

[Event "Titled Tuesday intern op 04th Feb Late"]
[Site "Chess.com INT"]
[Date "2025.02.04"]
[Round "5"]
[White "George Micheal, Kevin"]
[Black "Smieszek, Wojciech"]
[Result "1-0"]
[WhiteElo "2288"]
[BlackElo "2133"]
[PlyCount "89"]
[EventDate "2025.02.04"]
[EventType "swiss (blitz)"]
[EventRounds "11"]
[EventCountry "USA"]
[SourceTitle "CB07_2025"]
[SourceDate "2025.02.12"]
[SourceVersion "1"]
[SourceVersionDate "2025.02.12"]
[SourceQuality "1"]

1. d4 Nf6 2. Nc3 c5 3. d5 e6 4. e4 exd5 5. exd5 d6 6. Nf3 Be7 7. Bb5+ Bd7 8. 0-0 0-0 9. Re1 a6 10. Bxd7 Nbxd7 11. a4 Re8 12. h3 Qc7 13. Bf4 Bf8 14. Qd3 g6 15. Nd2 Nh5 16. Bh2 Bg7 17. Nc4 Bf8 18. Ne4 Ne5 19. Nxe5 dxe5 20. g4 f5 21. gxh5 fxe4 22. Qxe4 Bd6 23. hxg6 hxg6 24. Qxg6+ Qg7 25. Qxg7+ Kxg7 26. Re4 Kf6 27. Rae1 Re7 28. f4 exf4 29. Re6+ Kf7 30. Bxf4 Rg8+ 31. Kf2 Rxe6 32. dxe6+ Ke7 33. Bxd6+ Kxd6 34. e7 Re8 35. a5 b6 36. axb6 Kc6 37. h4 Kxb6 38. h5 c4 39. h6 c3 40. bxc3 a5 41. h7 a4 42. h8Q Rxh8 43. e8Q Rxe8 44. Rxe8 a3 45. Ra8 1-0

[Event "Titled Tuesday intern op 04th Feb Late"]
[Site "Chess.com INT"]
[Date "2025.02.04"]
[Round "4"]
[White "Kazantzoglou, Stefanos"]
[Black "George Micheal, Kevin"]
[Result "1-0"]
[WhiteElo "2195"]
[BlackElo "2288"]
[PlyCount "115"]
[EventDate "2025.02.04"]
[EventType "swiss (blitz)"]
[EventRounds "11"]
[EventCountry "USA"]
[SourceTitle "CB07_2025"]
[SourceDate "2025.02.12"]
[SourceVersion "1"]
[SourceVersionDate "2025.02.12"]
[SourceQuality "1"]

1. e4 c5 2. Nf3 Nc6 3. Bb5 Nf6 4. Nc3 g6 5. 0-0 Bg7 6. e5 Nh5 7. Re1 Nf4 8. d4 cxd4 9. Nxd4 Nxd4 10. Qxd4 Ne6 11. Qh4 0-0 12. Bh6 a6 13. Bd3 Nc5 14. Re3 e6 15. Bg5 f6 16. exf6 Bxf6 17. Rg3 Nxd3 18. Bxf6 Qxf6 19. Qxf6 Rxf6 20. Rxd3 d5 21. Re1 Kf7 22. Ne2 Bd7 23. Nd4 Rc8 24. c3 b5 25. a3 Ke7 26. g3 Kd6 27. f4 h6 28. h4 a5 29. Nf3 Rb8 30. Ne5 b4 31. axb4 axb4 32. c4 g5 33. hxg5 hxg5 34. cxd5 Bb5 35. Rd2 exd5 36. fxg5 Rf5 37. Rf2 Rxg5 38. Nf7+ Kc5 39. Nxg5 Rg8 40. Ne6+ Kd6 41. Kg2 Bd3 42. Nf4 Be4+ 43. Kh2 Rh8+ 44. Nh3 Ke5 45. g4 Rh4 46. Kg3 Rh8 47. Ng5 Rc8 48. Nxe4 dxe4 49. Rfe2 Rc4 50. b3 Rc3+ 51. Re3 Kd4 52. Rxc3 bxc3 53. Kf4 c2 54. Rc1 Kd3 55. Rxc2 Kxc2 56. Kxe4 Kxb3 57. g5 Kc4 58. g6 1-0